00410nam a2200133Ia 4500008004100000041000800041082001400049100002300063245007800086260004200164300001900206365000700225520004400232240719s9999 xx 000 0 und d aeng a158.1 MCR aMcraven, H William aMake Your Bed Little Things That Can Change Your Life And Maybe The World aNew DelhibPenguin Random Housec2017 a130.; P. 22 Cm cRS aFaculty Purchase By Dr. Jitendra Sharma